Palenque

সংরক্ষণ করুন:
গ্রন্থ-পঞ্জীর বিবরন
প্রধান লেখক: Fernández Leandro, Jaime 1955-
বিন্যাস: অজ্ঞাত
ভাষা:Spanish
প্রকাশিত: San José, Costa Rica Guayacán 1989
বিষয়গুলি:
ট্যাগগুলো: ট্যাগ যুক্ত করুন
কোনো ট্যাগ নেই, প্রথমজন হিসাবে ট্যাগ করুন!

MARC

LEADER 000000000a22000000004500
001 000181
007 ta
008 140429s1989 cr |||g |||| 000 1 spa d
020 |a 9977-978-59-X 
041 0 |a español 
082 |a CR863.4 F3635p 
100 1 |a Fernández Leandro, Jaime  |d 1955- 
245 1 0 |a Palenque  |c Jaime Fernández 
260 |a San José, Costa Rica  |b Guayacán  |c 1989 
300 |a 260 páginas 
500 |a número de inscripción: 12162, 00038 
650 4 |a LITERATURA COSTARRICENSE  |v NOVELA 
942 |2 ddc  |c BK 
999 |c 1014  |d 1014